Plasma Arc Cutting of Stainless Steel

Zapisane w:
Opis bibliograficzny
Kolejni autorzy: Canal AWSOnline / YouTube
Format: Książka
Język:angielski
Hasła przedmiotowe:
Dostęp online:Plasma Arc Cutting of Stainless Steel
Etykiety: Dodaj etykietę
Nie ma etykietki, Dołącz pierwszą etykiete!

MARC

LEADER 00000nam a22000004a 4500
001 vpro10097
005 20201223000000.0
008 160621s2016 ck # g## #001 0#eng#d
020
022
040 |a CO-BoINGC 
041 0 |a eng 
245 1 0 |a Plasma Arc Cutting of Stainless Steel 
246 |a Corte por arco plasma de acero inoxidable 
264 |a Bogot ̀(Colombia) :  |b Revista VirtualPRO,  |c 2016 
520 3
650 \ \ |a Soldadura 
650 \ \ |a Welding 
650 \ \ |a soldadura; soldadura de arco elčtrico 
650 \ \ |a welding; electric arc welding  
700 \ \ |a Canal AWSOnline / YouTube 
856 |z Plasma Arc Cutting of Stainless Steel  |u https://virtualpro.unach.elogim.com/biblioteca/corte-por-arco-plasma-de-acero-inoxidable